000 00624nam a22002057a 4500
005 20140804123944.0
010 _aENG-109632
020 _c535.00
_a9781259063756
020 _c535.00
_a1259063755
035 _aEN-93165
037 _bDBAD/PUB
082 _a658.15
100 _aSharma, Vinod
245 0 0 _aValueMagics :
_cby Vinod Sharma [and] Hans Verhulst
_ba roadmap from cost to value /
260 _aNew Delhi
_bMcGraw Hill Education
_c2013
270 _aP-24, Green Park Extn.
_bNew Delhi
_e110016
300 _aix,165p.
_c23cm(Hb)
700 _aVerhulst, Hans
942 _2ddc
_cEN
_mSHA
_h658.15
999 _c83215
_d83215